00593nam a2200157Ia 4500008004100000020001800041082001800059245005600077260007800133300000900211440005900220700003000279942001200309999001900321952009500340210428s9999 xx 000 0 und d a1-56347-067-5 a660.04 A498 T 0aTactical Missile Warheads /cEditor Joseph Carleone bAmerican Institute of Aeronautics and AstronauticsaWashington, DC c1993 a754p aProgress in astronautics and aeronautics V-1559127180 aA. Richard Seebass952222 cBK2ddc c559996d559996 00104070aSCMEbSCMEd0007-04-11l0o660.04 A498 TpSCME-147r2021-04-28w2021-04-28yBK